[Event "Sebes GP op"]
[Site "Sebes"]
[Date "2023.11.05"]
[Round "8"]
[White "Magold, Filip"]
[Black "Campean, Radu Traian"]
[Result "1-0"]
[WhiteElo "2317"]
[BlackElo "1388"]
[PlyCount "75"]
[EventDate "2023.11.04"]
[EventType "swiss"]
[EventRounds "10"]
[EventCountry "ROU"]
[SourceTitle "CB46_2023"]
[SourceDate "2023.11.15"]
[SourceVersion "1"]
[SourceVersionDate "2023.11.15"]
[SourceQuality "1"]

1. Nf3 d5 2. e3 Bf5 3. c4 e6 4. Nc3 Nf6 5. Qb3 b6 6. Nd4 Be4 7. cxd5 Bxd5 8. Bb5+ Nbd7 9. Nxd5 exd5 10. Nc6 Qc8 11. Ne5 Bd6 12. Nxd7 Nxd7 13. Qxd5 0-0 14. 0-0 Nf6 15. Qf3 Ng4 16. g3 Ne5 17. Qg2 c6 18. Be2 c5 19. b3 Qf5 20. Bb2 Nd3 21. e4 Qg5 22. f4 Bxf4 23. Bxd3 Bxd2 24. Bc4 Be3+ 25. Kh1 Rad8 26. Rad1 Bd4 27. Bxd4 cxd4 28. Rd3 Rd7 29. Qh3 Qe7 30. Rdf3 Rc7 31. Qf5 g6 32. Qf4 Kg7 33. e5 Qc5 34. Qf6+ Kg8 35. e6 Qe7 36. exf7+ Rxf7 37. Bxf7+ Qxf7 38. Qd8+ 1-0